Artificios del barroco (Record no. 1585)

MARC details
000 -CABECERA
campo de control de longitud fija 01022nam a2200265 a 4500
001 - NÚMERO DE CONTROL
campo de control BRCA_1804
005 - FECHA Y HORA DE LA ÚLTIMA TRANSACCIÓN
campo de control 20190320203545.0
008 - DATOS DE LONGITUD FIJA--INFORMACIÓN GENERAL
campo de control de longitud fija 911101s1990 mx-a---##b---f001-0#spa-d
020 ## - NÚMERO INTERNACIONAL ESTÁNDAR DEL LIBRO
Número Internacional Estándar del Libro 968361602X
040 ## - FUENTE DE LA CATALOGACIÓN
Centro catalogador/agencia de origen IQU
Centro/agencia transcriptor IQU
Centro/agencia modificador IXA
050 #4 - SIGNATURA TOPOGRÁFICA DE LA BIBLIOTECA DEL CONGRESO
Número de clasificación N6415.B3
Número de documento/Ítem .F47 1990
100 1# - ENTRADA PRINCIPAL--NOMBRE DE PERSONA
Nombre de persona Fernández García, Martha
9 (RLIN) 693
245 10 - MENCIÓN DE TÍTULO
Título Artificios del barroco
Resto del título México y Puebla en el siglo XVII
Mención de responsabilidad, etc. Martha Fernández García.
260 ## - PUBLICACIÓN, DISTRIBUCIÓN, ETC.
Lugar de publicación, distribución, etc. México
Nombre del editor, distribuidor, etc. UNAM, Coordinación de Humanidades
Fecha de publicación, distribución, etc. 1990
300 ## - DESCRIPCIÓN FÍSICA
Extensión 185 p.
Otras características físicas il. (algunas a color)
Dimensiones 24 cm.
500 ## - NOTA GENERAL
Nota general Incluye índice de artistas, índice de obras de arte, lista de láminas y lista de ilustraciones
500 ## - NOTA GENERAL
Nota general Colección Sonia Corcuera de Mancera
504 ## - NOTA DE BIBLIOGRAFÍA, ETC.
Nota de bibliografía, etc. Bibliografía: p. 161-165
650 14 - PUNTO DE ACCESO ADICIONAL DE MATERIA--TÉRMINO DE MATERIA
Término de materia o nombre geográfico como elemento de entrada Arquitectura barroca
Subdivisión geográfica México
9 (RLIN) 23
650 14 - PUNTO DE ACCESO ADICIONAL DE MATERIA--TÉRMINO DE MATERIA
Término de materia o nombre geográfico como elemento de entrada Arquitectura barroca
Subdivisión geográfica Puebla (México)
9 (RLIN) 5614
651 #4 - PUNTO DE ACCESO ADICIONAL DE MATERIA--NOMBRE GEOGRÁFICO
Nombre geográfico Ciudad de México
Subdivisión general Edificios, estructuras, etc.
9 (RLIN) 1264
651 #4 - PUNTO DE ACCESO ADICIONAL DE MATERIA--NOMBRE GEOGRÁFICO
Nombre geográfico Puebla (México)
Subdivisión general Edificios, estructuras, etc.
9 (RLIN) 3182
902 ## - CATALOGADOR
Iniciales DSC
942 ## - ELEMENTOS DE PUNTO DE ACCESO ADICIONAL (KOHA)
Fuente del sistema de clasificación o colocación Library of Congress Classification
Tipo de ítem Koha Libros
Holdings
Estado de retiro Estado de pérdida Estado dañado No para préstamo Localización permanente Ubicación/localización actual Fecha de adquisición Total de préstamos Signatura topográfica completa Código de barras Fecha visto por última vez Precio válido a partir de Tipo de ítem Koha
El ejemplar forma parte de la colección y puede ser consultado según las políticas vigentes.       Biblioteca del Museo Franz Mayer (Rogerio Casas-Alatriste) Biblioteca del Museo Franz Mayer (Rogerio Casas-Alatriste) 27/06/2008   N6415.B3 .F47 1990 DSC00049 22/03/2019 22/03/2019 Libros